[Event "18th Charleroi Open-A 2019"]
[Site "Charleroi"]
[Date "2019.07.28"]
[Round "2.19"]
[White "Damlakhi, Mahmoud"]
[Black "Anciaux, Marc"]
[Result "0-1"]
[WhiteElo "2008"]
[BlackElo "2120"]
[Annotator "TA"]
[PlyCount "21"]
[EventDate "2019.07.22"]
[EventType "swiss"]
[EventCountry "BEL"]
[SourceTitle "playchess.com"]
[Source "ChessBase"]
[SourceQuality "1"]

{[%evp 15,21,34,46,42,34,31,43,-281]} 1. d4 Nf6 2. c4 e6 3. Nc3 d5 4. Nf3 Be7 5. Bf4 O-O 6. e3 b6 7. Bd3 Bb7 8. cxd5 exd5 {White is slightly better.} 9. Qc2 {D37: Queen's Gambit Declined: 5 Bf4} Na6 10. a3 c5 11. Bxh7+ $146 {[%mdl 8192]} (11. O-O $14 {keeps the upper hand.}) ({Predecessor:} 11. O-O Nc7 12. Rad1 Ne6 13. Be5 h6 14. dxc5 bxc5 15. Bc4 d4 16. Bxe6 fxe6 17. exd4 Bxf3 18. gxf3 {½-½ (40) Dreev,A (2650)-Rozentalis,E (2595) New York 1994}) 0-1

[Event "18th Charleroi Open-A 2019"]
[Site "Charleroi"]
[Date "2019.07.28"]
[Round "2.21"]
[White "Huynh, Laurent"]
[Black "Denivet, Axel"]
[Result "0-1"]
[WhiteElo "2111"]
[BlackElo "1932"]
[Annotator "TA"]
[PlyCount "132"]
[EventDate "2019.07.22"]
[EventType "swiss"]
[EventCountry "BEL"]
[SourceTitle "playchess.com"]
[Source "ChessBase"]
[SourceQuality "1"]

{[%evp 25,132,8,12,-83,-103,-83,-84,-218,-218,-218,-216,-213,-218,-229,-225,-252,-252,-274,-270,-271,-270,-307,-337,-316,-281,-286,-228,-225,-234,-228,-230,-225,-226,-223,-231,-254,-252,-254,-242,-249,-245,-313,-258,-258,-258,-258,-258,-252,-258,-258,-258,-258,-232,-346,-346,-346,-258,-339,-258,-331,-258,-329,-314,-625,-580,-1396,-1452,-1331,-1118,-1169,-1122,-811,-789,-635,-576,-716,-672,-1122,-1019,-799,-643,-29965,-29964,-5189,-5808,-29970,-29969,-29972,-29975,-29975,-29976,-29976,-29977,-29975,-29978,-29975,-29973,-29953,-12850,-29983,-29984,-29984,-29983,-29985,-29986,-29991,-29992,-29992,-29993]} 1. e4 c5 2. c3 Nf6 3. e5 Nd5 4. d4 cxd4 5. cxd4 d6 6. Nf3 Nc6 7. Bc4 Nb6 8. Bb5 dxe5 9. Nxe5 Bd7 10. Nxd7 Qxd7 11. Nc3 e6 12. O-O Be7 13. Qg4 O-O 14. Bh6 {B22: Sicilian: 2 c3} (14. Bxc6 $11 Qxc6 15. Bh6) (14. Bxc6 bxc6 15. Bh6 Bf6 16. Rad1 Kh8 17. Ne4 Qe7 18. Bf4 Rad8 19. Qg3 Rg8 20. Bd6 Qd7 21. Bc7 Rc8 {1-0 (83) Vajda,L (2596)-Markos,J (2572) Slovakia 2017}) 14... Qxd4 $17 15. Qg3 Bh4 16. Be3 $146 (16. Bxg7 $17 {was forced.} Bxg3 17. Bxd4 Bxh2+ 18. Kxh2 Nxd4 19. Bd3) ({Predecessor:} 16. Bxg7 Bxg3 17. Bxd4 Bxh2+ 18. Kxh2 Nxd4 19. Bd3 f5 20. a4 a5 21. Nb5 Rad8 22. Nxd4 Rxd4 {1-0 (41) Meijers,V (2488)-Saravanan,V (2356) Groningen 2009}) 16... Bxg3 $19 17. Bxd4 {[#] Hoping for Bxc6.} Bxh2+ $1 {[%mdl 512]} 18. Kxh2 {Black must now prevent Bc5.} Nxd4 19. Bd3 Rfd8 20. Be4 Rd7 21. g3 Nc4 22. Bg2 Rc8 23. Nd1 Nd2 24. Rh1 Rc5 25. Ne3 N2f3+ 26. Bxf3 Nxf3+ 27. Kg2 Ne5 28. Rhd1 Rxd1 29. Rxd1 {[%cal Rd1d8][%mdl 4096] [#] Endgame KRN-KRN} Kf8 30. b4 Rc7 31. Rd8+ Ke7 32. Rh8 h6 33. b5 Nc4 34. Nxc4 Rxc4 {KR-KR} 35. Ra8 Rb4 36. Rxa7 Rxb5 37. a4 Rb3 38. a5 {If only White now had time for a6....} Kf6 39. a6 (39. Ra8 $142) 39... bxa6 40. Rxa6 h5 41. Ra5 g6 42. Rc5 Rd3 43. Ra5 Rd4 44. Rb5 $2 (44. Kh3) 44... h4 45. gxh4 Rxh4 46. Ra5 g5 47. Rb5 Rd4 48. Ra5 Kg6 49. Re5 Rd6 50. Kg3 f5 51. Ra5 Rd3+ 52. Kg2 g4 53. Re5 Kf6 54. Ra5 e5 55. Rb5 e4 56. Ra5 Kg5 57. Rb5 Kf4 58. Rb4 g3 59. fxg3+ Rxg3+ 60. Kf2 Rd3 61. Ke2 Rh3 62. Kf2 Rh2+ {Black mates.} 63. Kg1 Rd2 64. Rb3 e3 65. Ra3 Rd1+ 66. Kg2 e2 {Accuracy: White = 24%, Black = 90%.} 0-1

[Event "18th Charleroi Open-A 2019"]
[Site "Charleroi"]
[Date "2019.07.28"]
[Round "2.23"]
[White "Van Mechelen, Jan"]
[Black "Zamparo, Sergio"]
[Result "1-0"]
[WhiteElo "2218"]
[BlackElo "2031"]
[Annotator "NA RC"]
[PlyCount "68"]
[EventDate "2019.07.22"]
[EventType "swiss"]
[EventCountry "BEL"]
[SourceTitle "playchess.com"]
[Source "ChessBase"]
[SourceQuality "1"]
[TimeControl "40/5400+30:1800+30"]

1. e4 {[%emt 0:00:00]} d6 {[%emt 0:00:00]} 2. d4 {[%emt 0:00:02]} Nf6 {[%emt 0:00:00]} 3. Nc3 {[%emt 0:00:16]} e5 {[%emt 0:00:00]} 4. Nge2 {[%emt 0:00:20]} Be7 {[%emt 0:01:01]} 5. g3 {[%emt 0:00:09]} O-O {[%emt 0:00:25]} 6. Bg2 {[%emt 0:00:06]} Nbd7 {[%emt 0:02:02]} 7. O-O {[%emt 0:00:16]} c6 {[%emt 0:00:08]} 8. a4 {[%emt 0:00:23]} a5 {[%emt 0:03:35]} 9. h3 {[%emt 0:01:37]} Re8 {[%emt 0:01:18]} 10. Be3 {[%emt 0:02:21]} exd4 {[%emt 0:12:08]} 11. Bxd4 {[%emt 0:00:35]} Nc5 {[%emt 0:00:38]} 12. g4 {[%emt 0:00:33]} Be6 {[%emt 0:06:25]} 13. f4 {[%emt 0:08:17]} Nfd7 {[%emt 0:01:00]} 14. b3 {[%emt 0:01:57]} f6 {[%emt 0:00:23]} 15. Ng3 {[%emt 0:04:47]} Qc7 {[%emt 0:04:47]} 16. Kh1 {[%emt 0:02:24]} Rad8 {[%emt 0:06:26]} 17. Qf3 {[%emt 0:04:09]} Nb6 {[%emt 0:02:08]} 18. Qf2 {[%emt 0:00:43]} Nbd7 {[%emt 0:07:20]} 19. Rae1 {[%emt 0:08:10]} Na6 {[%emt 0:04:51]} 20. Nh5 {[%emt 0:04:01]} Rf8 {[%emt 0:09:03]} 21. Nd1 {[%emt 0:04:56]} Nb4 {[%emt 0:02:57]} 22. Ne3 {[%emt 0:00:32]} Rde8 {[%emt 0:03:27]} 23. Rg1 {[%emt 0:08:39]} g6 {[%emt 0:02:18]} 24. Ng3 {[%emt 0:00:10]} d5 {[%emt 0:02:10]} 25. exd5 {[%emt 0:04:50]} Nxd5 {[%emt 0:01:28]} 26. Nxd5 {[%emt 0:00:21]} Bxd5 {[%emt 0:00:14]} 27. Bxd5+ {[%emt 0:00:14]} cxd5 {[%emt 0:00:06]} 28. Qg2 {[%emt 0:05:45]} Qc6 {[%emt 0:01:23]} 29. f5 {[%emt 0:06:23]} Bc5 {[%emt 0:00:38]} 30. Rd1 {[%emt 0:00:53]} Bxd4 {[%emt 0:02:23]} 31. Rxd4 {[%emt 0:00:08]} Nb6 {[%emt 0:01:35]} 32. fxg6 {[%emt 0:01:23]} hxg6 {[%emt 0:00:06]} 33. Nf5 {[%emt 0:00:36]} Kh7 {[%emt 0:02:06]} 34. Qf2 {[%emt 0:02:08]} g5 {[%emt 0:00:54]} 1-0

[Event "18th Charleroi Open-A 2019"]
[Site "Charleroi"]
[Date "2019.07.28"]
[Round "2.25"]
[White "Guion, Geoffrey"]
[Black "Ghyselen, Wouter"]
[Result "0-1"]
[WhiteElo "2006"]
[BlackElo "2078"]
[Annotator "NA RC"]
[PlyCount "89"]
[EventDate "2019.07.22"]
[EventType "swiss"]
[EventCountry "BEL"]
[SourceTitle "playchess.com"]
[Source "ChessBase"]
[SourceQuality "1"]
[TimeControl "40/5400+30:1800+30"]

1. e4 {[%emt 0:00:00]} d6 {[%emt 0:00:00]} 2. d4 {[%emt 0:00:00]} Nf6 {[%emt 0:00:00]} 3. Nc3 {[%emt 0:00:00]} e5 {[%emt 0:00:00]} 4. Nf3 {[%emt 0:00:33]} Nbd7 {[%emt 0:00:05]} 5. Bc4 {[%emt 0:00:18]} Be7 {[%emt 0:00:06]} 6. a4 {[%emt 0:00:58]} O-O {[%emt 0:00:12]} 7. h3 {[%emt 0:00:18]} c6 {[%emt 0:00:20]} 8. O-O {[%emt 0:00:23]} a5 {[%emt 0:00:17]} 9. Re1 {[%emt 0:01:24]} Nb6 {[%emt 0:00:45]} 10. Bb3 {[%emt 0:04:04]} Nfd7 {[%emt 0:03:06]} 11. dxe5 {[%emt 0:02:30]} dxe5 {[%emt 0:00:23]} 12. Be3 {[%emt 0:00:52]} Qc7 {[%emt 0:00:38]} 13. Nd2 {[%emt 0:02:32]} Nc5 {[%emt 0:00:55]} 14. Nc4 {[%emt 0:02:01]} Nbd7 {[%emt 0:01:15]} 15. Ba2 {[%emt 0:01:19]} Ne6 {[%emt 0:17:24]} 16. Qd2 {[%emt 0:07:11]} Ndc5 {[%emt 0:08:45]} 17. Rad1 {[%emt 0:03:31]} Rd8 {[%emt 0:09:34]} 18. Qc1 {[%emt 0:00:45]} Nd4 {[%emt 0:03:40]} 19. f4 {[%emt 0:03:52]} Bf6 {[%emt 0:01:14]} 20. Nxe5 {[%emt 0:05:27]} Bxe5 {[%emt 0:00:09]} 21. fxe5 {[%emt 0:00:47]} Qxe5 {[%emt 0:02:51]} 22. Bf4 {[%emt 0:06:10]} Qh5 {[%emt 0:07:22]} 23. Qe3 {[%emt 0:10:18]} Nce6 {[%emt 0:06:52]} 24. g4 {[%emt 0:15:03]} Qg6 {[%emt 0:02:45]} 25. Be5 {[%emt 0:04:56]} Nxc2 {[%emt 0:06:13]} 26. Rxd8+ {[%emt 0:02:06]} Nxd8 {[%emt 0:00:02]} 27. Qd2 {[%emt 0:09:30]} Bxg4 {[%emt 0:00:32]} 28. Qxc2 {[%emt 0:00:20]} Bxh3+ {[%emt 0:01:32]} 29. Kh1 {[%emt 0:05:37]} Bg4 {[%emt 0:09:45]} 30. Qg2 {[%emt 0:04:12]} Ne6 {[%emt 0:03:14]} 31. Bxe6 {[%emt 0:03:33]} Qxe6 {[%emt 0:00:21]} 32. Bf4 {[%emt 0:01:29]} Rd8 {[%emt 0:00:54]} 33. Qg3 h5 {[%emt 0:00:26]} 34. Qe3 {[%emt 0:03:07]} Qb3 {[%emt 0:03:06]} 35. Qf2 {[%emt 0:00:36]} Rd3 {[%emt 0:05:03]} 36. Re3 {[%emt 0:00:13]} Rd4 {[%emt 0:00:19]} 37. Bc7 {[%emt 0:01:31]} Rd7 {[%emt 0:02:25]} 38. Be5 {[%emt 0:00:41]} Qb4 {[%emt 0:02:59]} 39. Bf4 {[%emt 0:00:40]} Qb6 {[%emt 0:00:59]} 40. Re2 {[%emt 0:00:41]} Qd8 {[%emt 0:00:20]} 41. Rd2 {[%emt 0:04:36]} Rxd2 {[%emt 0:03:28]} 42. Bxd2 {[%emt 0:01:46]} Qd3 {[%emt 0:08:22]} 43. Be3 {[%emt 0:02:04]} b5 {[%emt 0:01:31]} 44. axb5 {[%emt 0:05:01]} cxb5 {[%emt 0:00:36]} 45. Bb6 {[%emt 0:02:11]} 0-1

[Event "18th Charleroi Open-A 2019"]
[Site "Charleroi"]
[Date "2019.07.28"]
[Round "2.26"]
[White "Van Uytven, Eric"]
[Black "De Weird, Matthias"]
[Result "1-0"]
[WhiteElo "2071"]
[BlackElo "2009"]
[Annotator "NA RC"]
[PlyCount "39"]
[EventDate "2019.07.22"]
[EventType "swiss"]
[EventCountry "BEL"]
[SourceTitle "playchess.com"]
[Source "ChessBase"]
[SourceQuality "1"]
[TimeControl "40/5400+30:1800+30"]

1. d4 {[%emt 0:00:00]} Nf6 {[%emt 0:00:00]} 2. Nf3 {[%emt 0:00:10]} b6 {[%emt 0:00:00]} 3. g3 {[%emt 0:01:20]} Bb7 {[%emt 0:00:00]} 4. Bg2 {[%emt 0:00:13]} e6 {[%emt 0:00:20]} 5. O-O {[%emt 0:00:26]} Be7 {[%emt 0:00:07]} 6. c4 {[%emt 0:00:26]} O-O {[%emt 0:00:06]} 7. Nc3 {[%emt 0:00:22]} d5 {[%emt 0:03:35]} 8. Ne5 {[%emt 0:02:56]} Nbd7 {[%emt 0:00:52]} 9. Qa4 {[%emt 0:06:59]} Nxe5 {[%emt 0:04:18]} 10. dxe5 {[%emt 0:01:01]} Ne4 {[%emt 0:01:13]} 11. cxd5 {[%emt 0:28:46]} Nxc3 {[%emt 0:01:53]} 12. bxc3 {[%emt 0:00:30]} exd5 {[%emt 0:03:09]} 13. c4 {[%emt 0:05:15]} c6 {[%emt 0:00:20]} 14. cxd5 {[%emt 0:02:19]} cxd5 {[%emt 0:02:22]} 15. Rd1 {[%emt 0:00:39]} Qc7 {[%emt 0:00:17]} 16. Bf4 {[%emt 0:01:26]} g5 {[%emt 0:00:11]} 17. Rac1 {[%emt 0:02:29]} Qb8 {[%emt 0:00:47]} 18. Bxg5 {[%emt 0:20:29]} Bxg5 {[%emt 0:01:16]} 19. Qg4 {[%emt 0:00:16]} h6 {[%emt 0:05:22]} 20. f4 {[%emt 0:00:34]} 1-0

[Event "18th Charleroi Open-A 2019"]
[Site "Charleroi"]
[Date "2019.07.28"]
[Round "2.27"]
[White "Callier, Christophe"]
[Black "Hafner, Christian"]
[Result "1/2-1/2"]
[WhiteElo "1986"]
[BlackElo "2071"]
[Annotator "NA RC"]
[PlyCount "131"]
[EventDate "2019.07.22"]
[EventType "swiss"]
[EventCountry "BEL"]
[SourceTitle "playchess.com"]
[Source "ChessBase"]
[SourceQuality "1"]
[TimeControl "40/5400+30:1800+30"]

1. d4 {[%emt 0:00:00]} Nf6 {[%emt 0:00:00]} 2. c4 {[%emt 0:00:00]} g6 {[%emt 0:00:22]} 3. Nc3 {[%emt 0:00:00]} Bg7 {[%emt 0:00:10]} 4. e4 {[%emt 0:00:24]} d6 {[%emt 0:00:06]} 5. g3 {[%emt 0:00:16]} O-O {[%emt 0:00:28]} 6. Bg2 {[%emt 0:00:06]} Nc6 {[%emt 0:07:07]} 7. Nf3 {[%emt 0:03:57]} Bg4 {[%emt 0:04:22]} 8. Be3 {[%emt 0:08:21]} e5 {[%emt 0:09:46]} 9. d5 {[%emt 0:02:46]} Nd4 {[%emt 0:03:37]} 10. h3 {[%emt 0:07:13]} Bxf3 {[%emt 0:05:59]} 11. Bxf3 {[%emt 0:00:08]} Nd7 {[%emt 0:18:43]} 12. Nb5 {[%emt 0:04:57]} Nxf3+ {[%emt 0:00:54]} 13. Qxf3 {[%emt 0:00:10]} a6 {[%emt 0:00:16]} 14. Nc3 {[%emt 0:00:53]} f5 {[%emt 0:00:21]} 15. Qe2 {[%emt 0:05:31]} f4 {[%emt 0:01:29]} 16. Bd2 {[%emt 0:00:18]} c5 {[%emt 0:08:54]} 17. Qg4 {[%emt 0:06:39]} Rf7 {[%emt 0:06:02]} 18. h4 {[%emt 0:04:58]} Qf6 {[%emt 0:11:21]} 19. O-O-O {[%emt 0:03:38]} h6 {[%emt 0:07:47]} 20. Rdf1 {[%emt 0:03:59]} Nf8 {[%emt 0:04:19]} 21. Qe2 {[%emt 0:02:26]} Qe7 {[%emt 0:01:36]} 22. Kc2 {[%emt 0:07:48]} Qd7 {[%emt 0:00:33]} 23. Rb1 {[%emt 0:00:09]} Rc8 {[%emt 0:01:35]} 24. f3 {[%emt 0:02:45]} Qc7 {[%emt 0:01:37]} 25. g4 {[%emt 0:00:44]} Nd7 {[%emt 0:00:11]} 26. Kd1 {[%emt 0:00:51]} Bf8 {[%emt 0:00:57]} 27. h5 {[%emt 0:00:17]} g5 {[%emt 0:00:05]} 28. Ke1 {[%emt 0:00:04]} Be7 {[%emt 0:00:38]} 29. Kf2 {[%emt 0:00:16]} Bd8 {[%emt 0:00:32]} 30. Rhc1 {[%emt 0:01:02]} Nf6 {[%emt 0:00:27]} 31. Rg1 {[%emt 0:01:49]} Qd7 {[%emt 0:00:15]} 32. b3 {[%emt 0:01:01]} Ba5 {[%emt 0:00:56]} 33. Na4 {[%emt 0:00:21]} Bxd2 {[%emt 0:00:24]} 34. Qxd2 {[%emt 0:00:05]} Qc7 {[%emt 0:00:12]} 35. Qd3 {[%emt 0:01:59]} Rb8 {[%emt 0:00:18]} 36. Nc3 {[%emt 0:01:00]} Qc8 {[%emt 0:00:41]} 37. a4 {[%emt 0:01:26]} b6 {[%emt 0:01:08]} 38. Ra1 {[%emt 0:00:54]} Rfb7 {[%emt 0:00:19]} 39. Qe2 {[%emt 0:00:51]} Qd7 {[%emt 0:00:22]} 40. Ra2 {[%emt 0:00:25]} Ne8 {[%emt 0:02:38]} 41. Rga1 {[%emt 0:30:25]} Nc7 {[%emt 0:30:24]} 42. Rc1 {[%emt 0:08:54]} Kf7 {[%emt 0:02:37]} 43. Rcc2 {[%emt 0:04:10]} Ke7 {[%emt 0:00:00]} 44. Qd1 {[%emt 0:00:00]} Kd8 {[%emt 0:00:00]} 45. Qa1 {[%emt 0:00:00]} Ne8 {[%emt 0:00:00]} 46. Qd1 {[%emt 0:00:00]} Ke7 {[%emt 0:00:00]} 47. Rab2 {[%emt 0:00:00]} Nf6 {[%emt 0:00:00]} 48. Qg1 {[%emt 0:00:00]} Rg8 {[%emt 0:00:00]} 49. Ke1 {[%emt 0:00:00]} Qc7 {[%emt 0:00:00]} 50. Kd1 {[%emt 0:00:00]} Ra8 {[%emt 0:00:00]} 51. Ra2 {[%emt 0:00:00]} Kd8 {[%emt 0:00:00]} 52. Qg2 {[%emt 0:00:00]} Qd7 {[%emt 0:00:00]} 53. Qe2 {[%emt 0:00:00]} Ne8 {[%emt 0:00:00]} 54. Rc1 {[%emt 0:00:00]} Nc7 {[%emt 0:01:26]} 55. Rca1 {[%emt 0:00:00]} Kc8 {[%emt 0:00:44]} 56. Qd3 {[%emt 0:00:00]} Kb8 {[%emt 0:00:06]} 57. Qc2 {[%emt 0:00:00]} Rba7 {[%emt 0:00:39]} 58. Qe2 {[%emt 0:00:00]} Rb7 {[%emt 0:01:34]} 59. Qd3 {[%emt 0:00:00]} Raa7 {[%emt 0:00:30]} 60. Qe2 {[%emt 0:00:00]} Kc8 {[%emt 0:01:12]} 61. Qc2 {[%emt 0:00:00]} Rb8 {[%emt 0:00:20]} 62. Qe2 {[%emt 0:00:00]} Rab7 {[%emt 0:00:15]} 63. Rc2 {[%emt 0:00:00]} b5 64. axb5 axb5 65. Rca2 bxc4 66. bxc4 {[%emt 0:02:11]} 1/2-1/2

[Event "18th Charleroi Open-A 2019"]
[Site "Charleroi"]
[Date "2019.07.28"]
[Round "2.28"]
[White "Barbier, Wim"]
[Black "Verhalle, Elias"]
[Result "1-0"]
[WhiteElo "2068"]
[BlackElo "1983"]
[Annotator "NA RC"]
[PlyCount "34"]
[EventDate "2019.07.22"]
[EventType "swiss"]
[EventCountry "BEL"]
[SourceTitle "playchess.com"]
[Source "ChessBase"]
[SourceQuality "1"]
[TimeControl "40/5400+30:1800+30"]

1. Nf3 {[%emt 0:00:00]} Nc6 {[%emt 0:00:00]} 2. c4 {[%emt 0:00:09]} e5 {[%emt 0:00:00]} 3. Nc3 {[%emt 0:00:25]} Nf6 {[%emt 0:00:00]} 4. g3 {[%emt 0:00:46]} Nd4 {[%emt 0:00:00]} 5. Bg2 {[%emt 0:00:59]} Nxf3+ {[%emt 0:00:00]} 6. Bxf3 {[%emt 0:00:08]} Bb4 {[%emt 0:00:00]} 7. Bg2 {[%emt 0:02:43]} O-O {[%emt 0:08:47]} 8. O-O {[%emt 0:00:53]} Re8 {[%emt 0:06:56]} 9. e4 {[%emt 0:02:22]} h6 {[%emt 0:16:31]} 10. d3 {[%emt 0:02:23]} d6 {[%emt 0:01:23]} 11. h3 {[%emt 0:00:46]} Bc5 {[%emt 0:03:53]} 12. Kh2 {[%emt 0:01:35]} c6 {[%emt 0:13:50]} 13. f4 {[%emt 0:01:51]} a6 {[%emt 0:00:54]} 14. Qf3 {[%emt 0:07:06]} Kh7 {[%emt 0:08:52]} 15. g4 {[%emt 0:03:04]} exf4 {[%emt 0:08:53]} 16. Bxf4 {[%emt 0:02:05]} Re6 {[%emt 0:00:25]} 17. g5 {[%emt 0:05:47]} Ng8 {[%emt 0:00:06]} 1-0

[Event "18th Charleroi Open-A 2019"]
[Site "Charleroi"]
[Date "2019.07.28"]
[Round "2.29"]
[White "Van Doren, Bas"]
[Black "Boucquet, Emile"]
[Result "0-1"]
[WhiteElo "1976"]
[BlackElo "2064"]
[Annotator "NA RC"]
[PlyCount "40"]
[EventDate "2019.07.22"]
[EventType "swiss"]
[EventCountry "BEL"]
[SourceTitle "playchess.com"]
[Source "ChessBase"]
[SourceQuality "1"]
[TimeControl "40/5400+30:1800+30"]

1. e4 {[%emt 0:00:00]} c5 {[%emt 0:00:00]} 2. Nf3 {[%emt 0:00:00]} d6 {[%emt 0:00:00]} 3. d4 {[%emt 0:00:00]} Nf6 {[%emt 0:00:00]} 4. Nc3 {[%emt 0:00:14]} cxd4 {[%emt 0:00:00]} 5. Nxd4 {[%emt 0:00:05]} a6 {[%emt 0:00:00]} 6. Bg5 {[%emt 0:00:21]} Nbd7 {[%emt 0:00:00]} 7. Qe2 {[%emt 0:00:38]} b5 {[%emt 0:04:06]} 8. f4 {[%emt 0:00:45]} Bb7 {[%emt 0:03:15]} 9. e5 {[%emt 0:04:49]} b4 {[%emt 0:03:30]} 10. exf6 {[%emt 0:09:01]} bxc3 {[%emt 0:06:46]} 11. fxe7 {[%emt 0:15:04]} Bxe7 {[%emt 0:00:09]} 12. O-O-O {[%emt 0:07:45]} cxb2+ {[%emt 0:05:37]} 13. Kb1 {[%emt 0:00:07]} Nc5 {[%emt 0:02:21]} 14. Nf5 {[%emt 0:18:22]} Ne4 {[%emt 0:04:35]} 15. Qe3 {[%emt 0:01:44]} Qa5 {[%emt 0:16:43]} 16. Rd3 {[%emt 0:17:49]} Qxf5 {[%emt 0:06:03]} 17. Bxe7 {[%emt 0:01:41]} Kxe7 {[%emt 0:02:05]} 18. g4 {[%emt 0:00:33]} Qc5 {[%emt 0:00:38]} 19. Rd4 {[%emt 0:01:37]} Rhe8 {[%emt 0:04:09]} 20. Bd3 {[%emt 0:03:33]} Kf8 {[%emt 0:00:16]} 0-1

[Event "18th Charleroi Open-A 2019"]
[Site "Charleroi"]
[Date "2019.07.28"]
[Round "2.30"]
[White "Butzen, Robin"]
[Black "Dugailliez, Guy"]
[Result "1-0"]
[WhiteElo "1967"]
[BlackElo "2063"]
[Annotator "NA RC"]
[PlyCount "117"]
[EventDate "2019.07.22"]
[EventType "swiss"]
[EventCountry "BEL"]
[SourceTitle "playchess.com"]
[Source "ChessBase"]
[SourceQuality "1"]
[TimeControl "40/5400+30:1800+30"]

1. d4 {[%emt 0:00:00]} d5 {[%emt 0:00:00]} 2. c4 {[%emt 0:00:00]} c6 {[%emt 0:00:01]} 3. cxd5 {[%emt 0:00:00]} cxd5 {[%emt 0:00:35]} 4. Nc3 {[%emt 0:00:00]} Nf6 {[%emt 0:00:22]} 5. Bf4 {[%emt 0:00:06]} Bf5 {[%emt 0:04:03]} 6. Qb3 {[%emt 0:09:32]} Qb6 {[%emt 0:11:18]} 7. Qxb6 {[%emt 0:15:37]} axb6 {[%emt 0:00:06]} 8. e3 {[%emt 0:00:14]} Nc6 {[%emt 0:02:08]} 9. Nf3 {[%emt 0:01:38]} e6 {[%emt 0:02:01]} 10. Bb5 {[%emt 0:07:51]} Nd7 {[%emt 0:01:15]} 11. Nh4 {[%emt 0:06:05]} Bg6 {[%emt 0:02:38]} 12. O-O {[%emt 0:01:47]} f6 {[%emt 0:00:44]} 13. Nxg6 {[%emt 0:00:10]} hxg6 {[%emt 0:00:07]} 14. Rfc1 {[%emt 0:11:34]} g5 {[%emt 0:06:35]} 15. Bg3 {[%emt 0:01:24]} f5 {[%emt 0:04:09]} 16. Ne2 {[%emt 0:07:38]} Rc8 {[%emt 0:05:06]} 17. Rc2 {[%emt 0:01:09]} Nf6 {[%emt 0:03:10]} 18. a4 {[%emt 0:17:08]} Bb4 {[%emt 0:04:24]} 19. Nc1 {[%emt 0:01:38]} Ke7 {[%emt 0:11:41]} 20. Nd3 {[%emt 0:03:16]} Bd6 {[%emt 0:01:07]} 21. Bxd6+ {[%emt 0:04:47]} Kxd6 {[%emt 0:00:11]} 22. Rac1 {[%emt 0:00:05]} Na7 {[%emt 0:08:12]} 23. Ne5 {[%emt 0:00:22]} Rxc2 {[%emt 0:01:42]} 24. Rxc2 {[%emt 0:00:05]} Rf8 {[%emt 0:01:08]} 25. Bd3 {[%emt 0:01:05]} Nc6 {[%emt 0:02:34]} 26. Nxc6 {[%emt 0:00:57]} bxc6 {[%emt 0:00:29]} 27. b3 {[%emt 0:00:03]} Nd7 {[%emt 0:01:06]} 28. h3 {[%emt 0:01:27]} e5 {[%emt 0:04:44]} 29. Kf1 {[%emt 0:01:23]} f4 {[%emt 0:03:27]} 30. Ke1 {[%emt 0:02:09]} fxe3 {[%emt 0:00:32]} 31. fxe3 {[%emt 0:02:01]} exd4 {[%emt 0:00:19]} 32. exd4 {[%emt 0:01:41]} Rf4 {[%emt 0:00:35]} 33. Rf2 {[%emt 0:00:19]} Rxd4 {[%emt 0:00:54]} 34. Bc2 {[%emt 0:00:05]} Rf4 {[%emt 0:01:10]} 35. Re2 {[%emt 0:00:44]} Ne5 {[%emt 0:00:58]} 36. Kd2 {[%emt 0:00:07]} c5 {[%emt 0:03:03]} 37. Bb1 {[%emt 0:01:00]} d4 {[%emt 0:01:48]} 38. Bd3 {[%emt 0:00:14]} Kd5 {[%emt 0:00:53]} 39. Ba6 {[%emt 0:00:38]} Kd6 {[%emt 0:05:27]} 40. Bd3 {[%emt 0:00:13]} g4 {[%emt 0:00:31]} 41. hxg4 {[%emt 0:30:44]} Nxg4 {[%emt 0:30:40]} 42. Be4 {[%emt 0:00:00]} Ne3 {[%emt 0:00:00]} 43. Kd3 {[%emt 0:00:00]} Rf1 {[%emt 0:00:00]} 44. Rb2 {[%emt 0:00:00]} Ke5 {[%emt 0:00:00]} 45. Bb7 {[%emt 0:00:00]} Kf4 {[%emt 0:00:00]} 46. Bc6 {[%emt 0:00:00]} Kg3 {[%emt 0:00:00]} 47. Bb7 {[%emt 0:00:00]} Rf2 {[%emt 0:00:00]} 48. Rb1 {[%emt 0:00:00]} Nxg2 {[%emt 0:00:00]} 49. Bxg2 {[%emt 0:00:00]} Kxg2 {[%emt 0:00:00]} 50. b4 {[%emt 0:00:00]} Ra2 {[%emt 0:00:00]} 51. a5 {[%emt 0:00:00]} Ra4 {[%emt 0:00:00]} 52. axb6 {[%emt 0:00:00]} Ra3+ {[%emt 0:00:00]} 53. Kc4 {[%emt 0:00:00]} Rc3+ {[%emt 0:00:00]} 54. Kb5 {[%emt 0:04:31]} c4 {[%emt 0:00:00]} 55. b7 {[%emt 0:00:07]} d3 {[%emt 0:00:00]} 56. b8=Q {[%emt 0:00:05]} Rc2 {[%emt 0:00:00]} 57. Qb7+ {[%emt 0:00:15]} Kf2 {[%emt 0:00:00]} 58. Qf7+ {[%emt 0:01:16]} Ke3 {[%emt 0:00:00]} 59. Qe7+ {[%emt 0:01:09]} 1-0